Citations dans Hunger Games - Statistiques

Statistiques générales
  • Ce quiz a été pris 145 fois
  • Le résultat moyen est 13 sur 18
Statistiques - réponses
Citation Personnage % Correct
Puisse le sort vous être favorable. Effie Trinket
94%
Si nous brûlons, vous brûlerez avec nous ! Katniss Everdeen
94%
N'oublie jamais qui est ton véritable ennemi. Haymitch Abernathy
90%
Je continue de miser sur toi, fille du feu. Cinna
87%
Katniss, il n'y a plus de district Douze. Gale Hawthorne
87%
Je me fiche qu'on soit riche. Je veux juste que tu reviennes. Tu essaieras, hein ? Tu essaieras vraiment ? Primrose Everdeen
86%
Parce qu'elle est venue ici avec moi... Peeta Mellark
85%
Bien fragile ce système s'il s'effondre pour quelques baies. Katniss Everdeen
73%
Je refuse d'être seulement un pion dans leur espèce de jeux. Peeta Mellark
73%
Geai Moqueur, puisse ton tir être aussi pur que ton cœur l'est. Alma Coin
71%
Ce sont les choses auxquelles nous tenons le plus qui nous détruisent. Coriolanus Snow
66%
Il ne peut plus me faire de mal. Il n'y a plus personne que j'aime. Johanna Mason
66%
L'espoir, car c'est la seule chose plus puissante que la peur. Coriolanus Snow
63%
Reste en vie. Haymitch Abernathy
62%
Cette fois, rien que cette fois, je te laisse filer. Pour la petite fille. Toi et moi, on est quittes. Je ne te dois plus rien. Compris ? Thresh
60%
Il faut que tu gagnes, Katniss. Rue
44%
Mesdames et messieurs... Que les soixante-seizièmes Hunger Games commencent ! Finnick Odair
42%
Nous sommes des êtres versatiles, stupides, amnésiques et doués d'un immense talent d'autodestruction. Plutarch Heavensbee
39%
Aucun quiz correspondant
Distribution des résultats
% des personnes avec chaque résultat
Percentile par nombre de réponses
Votre historique - résultats
Vous n’avez pas pris ce quiz